000 00307nam a2200133Ia 4500
008 150201s2005 xx 000 0 und d
082 _a618.92
_bP05S
100 _aSATHY,N.
245 _aPRACTICAL PEDIATRICS
250 _a2ND
260 _bELSEVIER
_aDELHI
_c2005
650 _aPAEDIATRICS
942 _2ddc
_cBK
999 _c1209
_d1209